Let There Be 'Light' Quiz Stats

Quiz Updated Apr 22, 2013

Challenge
Share
Tweet
Embed
Score 0/72 Timer 08:00
2 Plays Today
Letter Hints Term related to Light % Correct
l_ _htlight
89.2%
da_b_eakdaybreak
87.9%
b_ig_tbright
87.7%
fl_o_es_entfluorescent
87.3%
ha_ohalo
86.1%
g_ _wglow
85.7%
abla_eablaze
84.4%
shi_yshiny
84.4%
li_h_n_nglightning
84.3%
t_ilig_ttwilight
84%
li_lit
83.3%
da_ _ig_tdaylight
82.5%
sh_m_ _rshimmer
81.2%
_ _aconbeacon
80.7%
_ _inkl_twinkle
80.7%
gli_me_glimmer
80.3%
d_ _ndawn
78.2%
vi_ _dvivid
78.2%
sta_star
78.1%
s_n_ysunny
78.1%
_adian_radiant
77.1%
sp_en_orsplendor
76.8%
g_ist_ _glisten
76.1%
a_ro_aaurora
76%
sp_r_lesparkle
75.9%
_efra_tionrefraction
74.5%
_ _lu_inat_illuminate
74.2%
_ea_beam
73.8%
su_ _eamsunbeam
73.7%
iri_esc_ _ceiridescence
72.9%
inc_nd_ _c_n_incandescent
72.3%
g_ea_gleam
71.2%
lu_i_osi_yluminosity
70.8%
p_osp_or_s_entphosphorescent
69.6%
m_on_itmoonlit
69.5%
_ _yray
69.3%
Letter Hints Term related to Light % Correct
g_ar_glare
69.2%
lus_ _rluster
68.3%
l_ _ine_cenceluminescence
68.2%
b_i_ _ian_ebrilliance
67.6%
g_it_e_glitter
65%
au_eol_aureole
61.6%
f_a_hflash
59.4%
s_l_rsolar
59.2%
f_ar_flare
57.6%
l_c_ntlucent
57.6%
d_ff_ _iondiffusion
56.7%
s_ee_sheen
55.1%
_ _xlux
54.3%
_an_elacandela
53.4%
a_ter_lo_afterglow
53%
opa_e_ce_ceopalescence
52.8%
da_ _lingdazzling
52.3%
s_inti_latescintillate
49.9%
_lan_eglance
48.8%
gl_n_glint
48.1%
fl_c_erflicker
47.2%
l_me_lumen
42.4%
c_r_n_corona
41.2%
d_ff_a_tiondiffraction
37.3%
d_sp_r_iondispersion
36.2%
lu_ini_erousluminiferous
28.8%
lam_entlambent
28.2%
re_ucen_relucent
27.4%
c_rus_atecoruscate
16.4%
chia_os_ur_chiaroscuro
14%
f_c_lafacula
11.6%
_it_dnitid
10.9%
re_ul_encerefulgence
9.2%
_ff_l_enceeffulgence
8.3%
f_ _gorfulgor
6.2%
r_til_ntrutilant
5.9%

You're not logged in!

Compare scores with friends on all Sporcle quizzes.
Sign Up with Email
OR
Log In

You Might Also Like...

Show Comments

Extras

Top Quizzes Today


Score Distribution

Your Account Isn't Verified!

In order to create a playlist on Sporcle, you need to verify the email address you used during registration. Go to your Sporcle Settings to finish the process.